[Event "Pardubice Region-chT 2223"]
[Site "Czech Republic"]
[Date "2023.04.02"]
[Round "11.1"]
[White "Nespor, Jakub"]
[Black "Duriancik, Michal"]
[Result "1/2-1/2"]
[WhiteElo "1922"]
[BlackElo "1873"]
[PlyCount "57"]
[EventDate "2022.10.09"]
[EventType "team-tourn"]
[EventRounds "11"]
[EventCountry "CZE"]
[SourceTitle "EXT 2024"]
[Source "ChessBase"]
[SourceDate "2023.10.10"]
[SourceVersion "1"]
[SourceVersionDate "2023.10.10"]
[SourceQuality "1"]

1. c4 c6 2. g3 d5 3. cxd5 cxd5 4. Bg2 Nf6 5. Nf3 Nc6 6. 0-0 Bf5 7. d3 h6 8. a3 e6 9. b4 a6 10. Bb2 Be7 11. Nbd2 0-0 12. Nb3 Bh7 13. Rc1 Qb6 14. Ne5 Rfc8 15. Nxc6 Rxc6 16. Rxc6 Qxc6 17. Qd2 Rc8 18. Rc1 Qd7 19. Nc5 Bxc5 20. bxc5 Ne8 21. Qb4 Qc6 22. h4 Nf6 23. Bxf6 gxf6 24. Qf4 Kg7 25. Qg4+ Kh8 26. Rb1 Rc7 27. Qd4 Kg7 28. Qg4+ Kh8 29. Qd4 1/2-1/2

[Event "CZE-chT2D 2223"]
[Site "Czech Republic"]
[Date "2022.12.18"]
[Round "5.5"]
[White "Duriancik, Michal"]
[Black "Dedek, Jan"]
[Result "0-1"]
[WhiteElo "1873"]
[BlackElo "1818"]
[PlyCount "110"]
[EventDate "2022.10.16"]
[EventType "team-tourn"]
[EventRounds "11"]
[EventCountry "CZE"]
[SourceTitle "EXT 2024"]
[Source "ChessBase"]
[SourceDate "2023.10.10"]
[SourceVersion "1"]
[SourceVersionDate "2023.10.10"]
[SourceQuality "1"]
[WhiteTeam "Lanskroun"]
[BlackTeam "Hradec Kralove Lipky"]
[WhiteTeamCountry "CZE"]
[BlackTeamCountry "CZE"]

1. e4 c6 2. d4 d5 3. exd5 cxd5 4. c4 Nf6 5. Nc3 Nc6 6. Nf3 g6 7. Be2 Bg7 8. 0-0 0-0 9. Bf4 Bg4 10. c5 Ne4 11. Be3 Rc8 12. h3 Bxf3 13. Bxf3 Nxc5 14. Bxd5 Nd7 15. Bb3 Nb6 16. Qg4 Nb4 17. Qe4 Nc6 18. Rfd1 Na5 19. d5 Nac4 20. Bxb6 Nxb6 21. Rac1 Bxc3 22. bxc3 Qd6 23. c4 a5 24. Qc2 a4 25. Bxa4 Rxc4 26. Qxc4 Nxc4 27. Rxc4 Rb8 28. Bb3 Kg7 29. Rc3 Rd8 30. Re1 h5 31. Rce3 Rd7 32. g3 Rc7 33. Kg2 Qb4 34. Re4 Qd6 35. R1e3 b5 36. Rf3 Rc1 37. Ref4 f5 38. Re3 Qc5 39. g4 Rc3 40. Re6 hxg4 41. Rc6 gxh3+ 42. Kh2 Qa7 43. Rxc3 Qb8 44. Rxh3 Qxf4+ 45. Kg1 Qc1+ 46. Kg2 f4 47. Rd3 g5 48. Rd1 Qc8 49. Rd4 Qg4+ 50. Kf1 Qh3+ 51. Ke2 Qh5+ 52. Kd2 Qf3 53. Ke1 g4 54. Bc2 g3 55. fxg3 Qe3+ 0-1

[Event "CZE-chT2D 2223"]
[Site "Czech Republic"]
[Date "2022.11.20"]
[Round "3.5"]
[White "Duriancik, Michal"]
[Black "Vilimek, Vit"]
[Result "1-0"]
[WhiteElo "1873"]
[BlackElo "1998"]
[PlyCount "131"]
[EventDate "2022.10.16"]
[EventType "team-tourn"]
[EventRounds "11"]
[EventCountry "CZE"]
[SourceTitle "EXT 2024"]
[Source "ChessBase"]
[SourceDate "2023.10.10"]
[SourceVersion "1"]
[SourceVersionDate "2023.10.10"]
[SourceQuality "1"]
[WhiteTeam "Lanskroun"]
[BlackTeam "Chotebor"]
[WhiteTeamCountry "CZE"]
[BlackTeamCountry "CZE"]

1. e4 c5 2. Nf3 Nc6 3. d4 cxd4 4. Nxd4 e5 5. Nb5 d6 6. N1c3 a6 7. Na3 Nf6 8. Bd3 b5 9. Nd5 Be6 10. Bg5 Be7 11. Nxe7 Nxe7 12. 0-0 Rc8 13. c3 0-0 14. Nc2 Ng6 15. a4 h6 16. Bxf6 Qxf6 17. axb5 Nf4 18. Ne3 axb5 19. Bxb5 Qg6 20. f3 d5 21. exd5 Bh3 22. Ra6 Qg5 23. Qc2 Rc5 24. Bc6 Bc8 25. Ra3 Nh3+ 26. Kh1 Qxe3 27. gxh3 Bxh3 28. Qf2 Qd3 29. Rg1 Qf5 30. Qg3 g5 31. Ra4 Rb8 32. Rh4 Rxb2 33. Qxh3 Qxh3 34. Rxh3 Kg7 35. Rd1 Rb8 36. Re1 Rxc3 37. Rg3 Rc2 38. Rg2 Rc3 39. Rd2 Rd8 40. Rde2 f6 41. Kg2 Kg6 42. Ra1 Rd3 43. Ra7 Kh5 44. Rb2 f5 45. Re7 f4 46. Rxe5 Rg8 47. h3 Kh4 48. Re6 h5 49. Rh6 Rd8 50. Re2 Rd1 51. Be8 Rxe8 52. Rxe8 Rd2+ 53. Kf1 Rxd5 54. Reh8 Kg3 55. Rxh5 Kxf3 56. Ke1 Re5+ 57. Kd1 Kf2 58. Rg8 f3 59. Rhxg5 Re2 60. Rf5 Re1+ 61. Kd2 Re2+ 62. Kd3 Re3+ 63. Kd4 Ra3 64. Rgf8 Ra4+ 65. Kc3 Ke2 66. Kb3 1-0

[Event "Pardubice Region-chT 2223"]
[Site "Czech Republic"]
[Date "2022.10.30"]
[Round "2.1"]
[White "Juros, Zbynek"]
[Black "Duriancik, Michal"]
[Result "1/2-1/2"]
[WhiteElo "1564"]
[BlackElo "1873"]
[PlyCount "82"]
[EventDate "2022.10.09"]
[EventType "team-tourn"]
[EventRounds "11"]
[EventCountry "CZE"]
[SourceTitle "EXT 2024"]
[Source "ChessBase"]
[SourceDate "2023.10.10"]
[SourceVersion "1"]
[SourceVersionDate "2023.10.10"]
[SourceQuality "1"]

1. e4 c5 2. d4 cxd4 3. c3 dxc3 4. Nxc3 Nc6 5. Nf3 d6 6. Bc4 a6 7. Bf4 Nf6 8. 0-0 Bg4 9. h3 Bh5 10. g4 Bg6 11. e5 dxe5 12. Nxe5 Nxe5 13. Bxe5 Qa5 14. Nd5 Nxd5 15. Qxd5 Qb6 16. Bb3 Qc6 17. Rfd1 e6 18. Qd4 Bc5 19. Qc3 f6 20. Bd4 Bxd4 21. Qxc6+ bxc6 22. Rxd4 Ke7 23. Re1 e5 24. f4 Rhd8 25. Rb4 Ra7 26. fxe5 f5 27. Rb6 fxg4 28. Rxc6 Bf5 29. hxg4 Bxg4 30. Rf1 Rf8 31. Rfc1 Bd7 32. Rc7 Rxc7 33. Rxc7 Kd8 34. Ra7 Re8 35. e6 Bxe6 36. Bxe6 Rxe6 37. Rxg7 Re2 38. Rg2 Re5 39. Kh2 h5 40. Kh3 Kc7 41. Kh4 Kc6 1/2-1/2

[Event "CZE-ch Betsys Online Blitz"]
[Site "Chess.com INT"]
[Date "2021.04.17"]
[Round "3"]
[White "Duriancik, Michal"]
[Black "Chalus, Karel"]
[Result "1-0"]
[WhiteElo "1663"]
[BlackElo "1992"]
[PlyCount "47"]
[EventDate "2021.04.17"]
[EventType "swiss (blitz)"]
[EventRounds "13"]
[EventCountry "CZE"]
[SourceTitle "CBM 201 Extra"]
[Source "ChessBase"]
[SourceDate "2021.05.31"]
[SourceVersion "1"]
[SourceVersionDate "2021.05.31"]
[SourceQuality "1"]

1. e4 e5 2. Nf3 Nc6 3. Bc4 Bc5 4. 0-0 Nf6 5. d4 exd4 6. e5 d5 7. exf6 dxc4 8. Re1+ Be6 9. Ng5 Qd5 10. Nc3 Qf5 11. Nce4 Bb6 12. g4 Qg6 13. Qf3 0-0-0 14. h4 h5 15. Nxe6 fxe6 16. g5 Ne5 17. Qh3 Ng4 18. Bd2 d3 19. cxd3 Bxf2+ 20. Nxf2 Nxf2 21. Kxf2 Rxd3 22. Qxe6+ Kb8 23. Bc3 Rhd8 24. f7 1-0

[Event "CZE-ch Betsys Online Blitz"]
[Site "Chess.com INT"]
[Date "2021.04.17"]
[Round "8"]
[White "Duriancik, Michal"]
[Black "Zpevakova, Jana"]
[Result "0-1"]
[WhiteElo "1663"]
[BlackElo "2093"]
[PlyCount "114"]
[EventDate "2021.04.17"]
[EventType "swiss (blitz)"]
[EventRounds "13"]
[EventCountry "CZE"]
[SourceTitle "CBM 201 Extra"]
[Source "ChessBase"]
[SourceDate "2021.05.31"]
[SourceVersion "1"]
[SourceVersionDate "2021.05.31"]
[SourceQuality "1"]

1. e4 c6 2. d4 d5 3. exd5 cxd5 4. c4 Nf6 5. Nc3 Nc6 6. Nf3 Bg4 7. cxd5 Nxd5 8. Qb3 Bxf3 9. gxf3 Nxc3 10. bxc3 Qc7 11. d5 Ne5 12. Bb5+ Nd7 13. Be3 a6 14. Bc4 Rc8 15. Bd3 Qxc3+ 16. Qxc3 Rxc3 17. Bf5 Rc7 18. Ke2 g6 19. Bd4 Rg8 20. Be4 f5 21. Bd3 Nf6 22. Be5 Rd7 23. Rhd1 Kf7 24. Bc4 Bg7 25. d6+ e6 26. Rac1 Rgd8 27. Bb3 Ne8 28. Bxg7 Nxg7 29. Rc7 Ne8 30. Ba4 b5 31. Rxd7+ Rxd7 32. Bb3 Rxd6 33. Rc1 Ke7 34. Rc7+ Nxc7 35. Ke3 a5 36. Kf4 a4 37. Kg5 axb3 38. Kh6 e5 39. Kxh7 Kf6 40. Kg8 Rd8+ 41. Kh7 bxa2 42. f4 a1N 43. fxe5+ Kxe5 44. f4+ Kxf4 45. h4 Rd2 46. h5 gxh5 47. Kg6 h4 48. Kf6 h3 49. Kg6 h2 50. Kf7 Rd6 51. Kg7 Ra6 52. Kf7 Nd5 53. Kg7 Ne3 54. Kh7 h1Q+ 55. Kg7 Qh6+ 56. Kf7 Ra7+ 57. Kg8 Qg7# 0-1

[Event "CZE-ch Betsys Online Blitz"]
[Site "Chess.com INT"]
[Date "2021.04.17"]
[Round "4"]
[White "Krizek, Krystof"]
[Black "Duriancik, Michal"]
[Result "1-0"]
[WhiteElo "2007"]
[BlackElo "1663"]
[PlyCount "81"]
[EventDate "2021.04.17"]
[EventType "swiss (blitz)"]
[EventRounds "13"]
[EventCountry "CZE"]
[SourceTitle "CBM 201 Extra"]
[Source "ChessBase"]
[SourceDate "2021.05.31"]
[SourceVersion "1"]
[SourceVersionDate "2021.05.31"]
[SourceQuality "1"]

1. e4 c5 2. Nf3 e6 3. b3 Nc6 4. Bb2 d6 5. Bc4 Nf6 6. 0-0 Be7 7. d3 0-0 8. Nbd2 a6 9. d4 cxd4 10. Nxd4 Qc7 11. Bd3 d5 12. Qe2 Rd8 13. exd5 Rxd5 14. Nxc6 Qxc6 15. Ne4 Qc7 16. c4 Rd8 17. Rad1 Nxe4 18. Qxe4 g6 19. Be5 Bd6 20. Bg3 e5 21. Qe2 Be6 22. Be4 f5 23. Bd5 Qe7 24. Bxe5 Bxd5 25. Rxd5 Bxe5 26. Qxe5 Qf7 27. Rfd1 Rxd5 28. Qxd5 Qxd5 29. Rxd5 Re8 30. Kf1 Re7 31. g3 Kf7 32. h4 Ke6 33. Rd3 Rc7 34. Ke2 Rc5 35. Re3+ Kf6 36. Kd3 Ra5 37. a4 Rc5 38. b4 Rc6 39. c5 a5 40. Kc4 axb4 41. Kxb4 1-0

[Event "CZE-ch rapid U20"]
[Site "Ceska Trebova"]
[Date "2020.09.20"]
[Round "8"]
[White "Duriancik, Michal"]
[Black "Machacek, Lukas"]
[Result "0-1"]
[WhiteElo "1673"]
[BlackElo "1519"]
[PlyCount "114"]
[EventDate "2020.09.19"]
[EventType "swiss (rapid)"]
[EventRounds "9"]
[EventCountry "CZE"]
[SourceTitle "CBM 198 Extra"]
[Source "ChessBase"]
[SourceDate "2020.11.30"]
[SourceVersion "1"]
[SourceVersionDate "2020.11.30"]
[SourceQuality "1"]

1. e4 c5 2. Nf3 Nc6 3. d4 cxd4 4. Nxd4 g6 5. c4 Bg7 6. Be3 Nf6 7. Nc3 d6 8. Be2 Nxd4 9. Bxd4 Be6 10. 0-0 0-0 11. Qd2 Rc8 12. b3 Qa5 13. Rfd1 Rfd8 14. Rac1 a6 15. Qe3 Rc6 16. Bf3 Ng4 17. Bxg4 Bxg4 18. f3 Be6 19. Bxg7 Kxg7 20. Rc2 Qc5 21. Qxc5 Rxc5 22. Nd5 Bxd5 23. exd5 Rdc8 24. Re2 Kf6 25. Rde1 R8c7 26. Re4 b5 27. Rf4+ Kg7 28. Ree4 bxc4 29. Rxc4 Rxc4 30. Rxc4 Rxc4 31. bxc4 Kf6 32. Kf2 Ke5 33. Ke3 g5 34. g3 e6 35. dxe6 fxe6 36. h3 h5 37. a3 d5 38. cxd5 exd5 39. Kd3 h4 40. gxh4 gxh4 41. Ke3 d4+ 42. Kd3 Kf4 43. Kxd4 Kxf3 44. Kd3 Kg3 45. Ke3 Kxh3 46. Kf3 Kh2 47. Kf2 a5 48. a4 h3 49. Kf1 Kg3 50. Kg1 Kf3 51. Kh2 Ke3 52. Kxh3 Kd3 53. Kg3 Kc3 54. Kf3 Kb3 55. Ke3 Kxa4 56. Kd3 Kb3 57. Kd2 Kb2 0-1

[Event "CZE-ch rapid U20"]
[Site "Ceska Trebova"]
[Date "2020.09.19"]
[Round "3"]
[White "Popovsky, Ondrej"]
[Black "Duriancik, Michal"]
[Result "0-1"]
[WhiteElo "1493"]
[BlackElo "1673"]
[PlyCount "86"]
[EventDate "2020.09.19"]
[EventType "swiss (rapid)"]
[EventRounds "9"]
[EventCountry "CZE"]
[SourceTitle "CBM 198 Extra"]
[Source "ChessBase"]
[SourceDate "2020.11.30"]
[SourceVersion "1"]
[SourceVersionDate "2020.11.30"]
[SourceQuality "1"]

1. d4 Nf6 2. Bf4 e6 3. e3 d5 4. Bd3 Bd6 5. Bg3 c5 6. c3 Nc6 7. Nf3 0-0 8. Nbd2 Re8 9. Ne5 Bxe5 10. dxe5 Nd7 11. f4 c4 12. Bc2 Qb6 13. Bf2 Qxb2 14. 0-0 Qxc3 15. Rc1 Qa5 16. Nf3 h6 17. g4 Nb4 18. Qd2 Qa3 19. Bb1 Nc5 20. Rc3 Qa4 21. g5 Nbd3 22. gxh6 Ne4 23. h7+ Kh8 24. Qc2 Qxc2 25. Rxc2 Ndxf2 26. Rfxf2 Nxf2 27. Rxf2 Bd7 28. Ng5 Re7 29. e4 d4 30. f5 Rf8 31. f6 gxf6 32. exf6 Ree8 33. e5 d3 34. Rf4 Bb5 35. a4 Ba6 36. Rd4 Rc8 37. Bxd3 cxd3 38. Rd7 Rc2 39. Nxf7+ Kxh7 40. Ng5+ Kg6 41. Rg7+ Kf5 42. Rd7 Kg6 43. Nf3 Kf5 0-1